[Event "4NCL Division 2a"]
[Site "Hinckley Island ENG"]
[Date "2014.01.11"]
[Round "3.43"]
[White "Merry, Alan B"]
[Black "Jones, William EG"]
[Result "1/2-1/2"]
[WhiteElo "2315"]
[BlackElo "2128"]
[PlyCount "154"]
[EventDate "2014.01.11"]
[WhiteTeam "Anglian Avengers 1"]
[BlackTeam "KJCA Kings"]

1. e4 c5 2. Nf3 d6 3. Bb5+ Nc6 4. Bxc6+ bxc6 5. O-O e5 6. c3 Nf6 7. Re1 Bg4 8.
h3 Bh5 9. d4 cxd4 10. cxd4 Nd7 11. dxe5 dxe5 12. Be3 Be7 13. Nbd2 O-O 14. Rc1
Qc7 15. Qa4 Rfc8 16. Rc2 Nb6 17. Qa5 f6 18. Rec1 Bf7 19. Bc5 Bd8 20. Ba3 Rab8
21. b3 Rb7 22. Qa6 Rbb8 23. Nf1 Qd7 24. Ne3 Be6 25. Nd2 g6 26. Ndc4 Nxc4 27.
Nxc4 c5 28. Rd2 Bxc4 29. Qxc4+ Qf7 30. Bxc5 Bb6 31. Qxf7+ Kxf7 32. Rd7+ Kg8 33.
Ba3 Rxc1+ 34. Bxc1 g5 35. Be3 Bxe3 36. fxe3 a5 37. Ra7 Rb5 38. h4 h5 39. g4
hxg4 40. hxg5 fxg5 41. Kf2 Rb4 42. Rxa5 Rxe4 43. Rb5 Kf7 44. a4 Kf6 45. a5 g3+
46. Kxg3 Rxe3+ 47. Kf2 Rc3 48. Rb4 Ke6 49. a6 Rc8 50. Rb6+ Kd5 51. b4 Rc2+ 52.
Ke3 Ra2 53. b5 g4 54. Rc6 g3 55. Rc1 g2 56. Kd3 Ra5 57. Rg1 Rxb5 58. Rxg2 Ra5
59. Ke2 Rxa6 60. Rg3 Ra2+ 61. Kf1 Ke4 62. Rb3 Kf4 63. Rc3 Ke4 64. Rg3 Kd4 65.
Rb3 Rd2 66. Ra3 e4 67. Rh3 Rd3 68. Rh8 Rc3 69. Ke2 Rc2+ 70. Kd1 Ra2 71. Rh3 Rf2
72. Ke1 Rf3 73. Rxf3 exf3 74. Kf2 Ke4 75. Kf1 Ke3 76. Ke1 f2+ 77. Kf1 Kf3
1/2-1/2

[Event "4NCL Division 2a"]
[Site "Hinckley Island ENG"]
[Date "2014.01.11"]
[Round "3.44"]
[White "Oswald, David C"]
[Black "Talsma, Paul A"]
[Result "1/2-1/2"]
[WhiteElo "2098"]
[BlackElo "2186"]
[PlyCount "68"]
[EventDate "2014.01.11"]
[WhiteTeam "KJCA Kings"]
[BlackTeam "Anglian Avengers 1"]

1. d4 f5 2. Bg5 g6 3. h4 Bg7 4. e3 Nc6 5. Nf3 h6 6. Bf4 d6 7. Nc3 Bd7 8. Bc4 e5
9. dxe5 dxe5 10. Bg3 Qe7 11. Nd5 Qd6 12. Qe2 O-O-O 13. O-O-O Qf8 14. Rd2 Nge7
15. Rhd1 Nxd5 16. Bxd5 Qe7 17. Qc4 g5 18. hxg5 hxg5 19. Bxc6 Bxc6 20. Rxd8+
Rxd8 21. Rxd8+ Kxd8 22. Qg8+ Kd7 23. Qh7 f4 24. Qf5+ Qe6 25. Qh7 Qf6 26. Bh2 g4
27. Ne1 e4 28. c3 g3 29. fxg3 fxe3 30. Bg1 Qg5 31. Kc2 Qxg3 32. Qf5+ Ke7 33.
Qc5+ Ke8 34. Qxe3 Be5 1/2-1/2

[Event "4NCL Division 2a"]
[Site "Hinckley Island ENG"]
[Date "2014.01.11"]
[Round "3.45"]
[White "Mayhew, Andrew"]
[Black "Hookham, James"]
[Result "1-0"]
[WhiteElo "2073"]
[BlackElo "2090"]
[PlyCount "55"]
[EventDate "2014.01.11"]
[WhiteTeam "Anglian Avengers 1"]
[BlackTeam "KJCA Kings"]

1. d4 Nf6 2. c4 e6 3. Nc3 Bb4 4. e3 O-O 5. Nge2 c5 6. a3 Bxc3+ 7. Nxc3 cxd4 8.
exd4 d5 9. Be3 b6 10. cxd5 Nxd5 11. Bd3 Bb7 12. Qh5 Nf6 13. Qh4 Nc6 14. Rd1 Ne7
15. O-O Ng6 16. Bxg6 hxg6 17. Bg5 Qd7 18. Bxf6 gxf6 19. Qh6 Qc6 20. d5 Qc4 21.
Rfe1 Bxd5 22. Re3 Bxg2 23. Kxg2 Rfd8 24. Ne4 Qc6 25. Rc1 Qd5 26. Kf1 Qb5+ 27.
Kg1 Qxb2 28. Rec3 1-0

[Event "4NCL Division 2a"]
[Site "Hinckley Island ENG"]
[Date "2014.01.11"]
[Round "3.46"]
[White "Ball, Laurence"]
[Black "Munson, Shaun D"]
[Result "0-1"]
[WhiteElo "2102"]
[BlackElo "2168"]
[PlyCount "73"]
[EventDate "2014.01.11"]
[WhiteTeam "KJCA Kings"]
[BlackTeam "Anglian Avengers 1"]

1. f4 d5 2. Nf3 Bg4 3. Ne5 Bh5 4. d3 Nd7 5. c3 Nxe5 6. fxe5 Qd7 7. Bf4 f6 8.
Qb3 O-O-O 9. d4 g5 10. Bg3 Nh6 11. Nd2 Nf5 12. Bf2 Bg7 13. O-O-O fxe5 14. dxe5
Bxe5 15. g3 Qc6 16. Bh3 g4 17. Bg2 Bd4 18. e4 Bxf2 19. exf5 Rhf8 20. Qc2 e6 21.
fxe6 Qxe6 22. Bf1 d4 23. Bc4 Qe3 24. Qb3 dxc3 25. Qxc3 Bg6 26. Rhf1 Qg5 27. Qb3
Rf6 28. a4 Qc5 29. a5 Rxd2 30. Kxd2 Qg5+ 31. Kc3 Rf3+ 32. Bd3 Qe5+ 33. Kc2 Qe2+
34. Kb1 Bxd3+ 35. Ka1 Bc4 36. Qa4 Qe6 37. Qc2 {White overstepped the time limit
} 0-1

[Event "4NCL Division 2a"]
[Site "Hinckley Island ENG"]
[Date "2014.01.11"]
[Round "3.47"]
[White "Gray, Mark S"]
[Black "Lunn, Matthew"]
[Result "1-0"]
[WhiteElo "2090"]
[BlackElo "2045"]
[PlyCount "68"]
[EventDate "2014.01.11"]
[WhiteTeam "Anglian Avengers 1"]
[BlackTeam "KJCA Kings"]

1. e4 c5 2. Nf3 Nc6 3. Bb5 g6 4. O-O Bg7 5. c3 Nf6 6. e5 Nd5 7. d4 cxd4 8. cxd4
O-O 9. Re1 d6 10. Nc3 dxe5 11. Bxc6 bxc6 12. Nxe5 Qc7 13. Na4 f6 14. Nc4 e5 15.
Be3 Be6 16. Nc5 Bf7 17. Qc2 exd4 18. Bxd4 Rfe8 19. Rac1 Rxe1+ 20. Rxe1 Qf4 21.
Re4 Qg5 22. Be3 Nxe3 23. Nxe3 f5 24. Ra4 f4 25. Ne4 Qe7 26. Qxc6 Rd8 27. Nf1
Bxb2 28. Qc2 Bg7 29. f3 Qd7 30. Nfd2 Bd4+ 31. Kf1 Rc8 32. Rxd4 Qb5+ 33. Qd3
Rc1+ 34. Ke2 Qf5 {Black overstepped the time limit} 1-0

[Event "4NCL Division 2a"]
[Site "Hinckley Island ENG"]
[Date "2014.01.11"]
[Round "3.48"]
[White "Rao, Raunak"]
[Black "Tozer, Philip AA"]
[Result "0-1"]
[WhiteElo "1736"]
[BlackElo "2141"]
[PlyCount "140"]
[EventDate "2014.01.11"]
[WhiteTeam "KJCA Kings"]
[BlackTeam "Anglian Avengers 1"]

1. e4 e6 2. d4 d5 3. Nc3 Nf6 4. e5 Nfd7 5. Nce2 c5 6. c3 Nc6 7. f4 cxd4 8. cxd4
a5 9. Nf3 a4 10. g3 Nb6 11. Nc3 Bd7 12. Bb5 Bb4 13. Qd3 a3 14. O-O axb2 15.
Bxb2 O-O 16. a3 Be7 17. Kh1 Na5 18. Nd2 Bxb5 19. Nxb5 Nac4 20. Nxc4 Nxc4 21.
Bc1 Qd7 22. Qb3 Ra5 23. a4 Rfa8 24. Nc3 b5 25. Qb1 b4 26. Nd1 Rxa4 27. Rxa4
Rxa4 28. Nb2 Ra8 29. Qd3 Ra3 30. Qb1 Rc3 31. Nd1 Na3 32. Bxa3 Rxa3 33. Nf2 Qa7
34. Rd1 b3 35. Kg2 g6 36. Rd3 Qa4 37. Kf3 Qc4 38. Qb2 Qc2 39. Rd2 Qc4 40. Rd3
Bb4 41. Re3 Qc2 42. Re2 Qxb2 43. Rxb2 Bc3 44. Rb1 b2 45. Nd3 Ra1 46. Rxb2 Bxb2
47. Nxb2 Ra3+ 48. Kg4 Ra2 49. Nd3 Rd2 50. Ne1 Rxd4 51. Kf3 Rd1 52. Ke2 Ra1 53.
h4 Rxe1+ 54. Kxe1 h5 55. Ke2 Kf8 56. Kd3 Ke7 57. Kd4 Kd7 58. Kc5 Kc7 59. Kb5
Kb7 60. Kc5 Ka6 61. Kd6 d4 62. Ke7 d3 63. Kxf7 d2 64. Kxe6 d1=Q 65. Kf7 Qd3 66.
e6 Qf5+ 67. Ke7 Kb7 68. Kd6 Kc8 69. Ke7 Kc7 70. g4 hxg4 0-1